Central Library || Chittagong University

Statistical year bookfor Asia and the far East/ (Record no. 110451)

MARC details
000 -LEADER
fixed length control field 00556nam a2200229 454500
001 - CONTROL NUMBER
control field 028595
003 - CONTROL NUMBER IDENTIFIER
control field BD-ChCU
005 - DATE AND TIME OF LATEST TRANSACTION
control field 20251215111710.0
008 - FIXED-LENGTH DATA ELEMENTS--GENERAL INFORMATION
fixed length control field 251215 Eng
020 ## - INTERNATIONAL STANDARD BOOK NUMBER
International Standard Book Number x
040 ## - CATALOGING SOURCE
Original cataloging agency DLC
Transcribing agency DLC
Modifying agency BD-ChCU
082 00 - DEWEY DECIMAL CLASSIFICATION NUMBER
Classification number REF315 STA
100 ## - MAIN ENTRY--PERSONAL NAME
Personal name United nations
Numeration x
9 (RLIN) 18138
245 10 - TITLE STATEMENT
Title Statistical year bookfor Asia and the far East/
Statement of responsibility, etc. United nations
250 ## - EDITION STATEMENT
Edition statement x
260 ## - PUBLICATION, DISTRIBUTION, ETC.
Place of publication, distribution, etc. N Y:
Name of publisher, distributor, etc. United nations,
Date of publication, distribution, etc. 1970
300 ## - PHYSICAL DESCRIPTION
Extent V.P
504 ## - BIBLIOGRAPHY, ETC. NOTE
Bibliography, etc. note x
650 #0 - SUBJECT ADDED ENTRY--TOPICAL TERM
Topical term or geographic name entry element Statistical year book
Topical term following geographic name entry element Yearbooks
9 (RLIN) 18139
700 1# - ADDED ENTRY--PERSONAL NAME
Personal name x
942 ## - ADDED ENTRY ELEMENTS (KOHA)
Source of classification or shelving scheme Dewey Decimal Classification
Koha item type Books
Suppress in OPAC No
Holdings
Withdrawn status Lost status Source of classification or shelving scheme Damaged status Not for loan Home library Current library Shelving location Date acquired Total Checkouts Full call number Barcode Date last seen Price effective from Koha item type
    Dewey Decimal Classification     Chittagong University Library Chittagong University Library Reference 12/15/2025   REF315 STA/1970 23318 12/15/2025 12/15/2025 Books
© Copyright 2026. Chittagong University Library, Installation and Maintenance by Prof. Dr. Md. Alamgir, 01711306253